UK Postcode Area with Single Letter - Statistics

General Stats
  • This quiz has been taken 648 times
  • The average score is 6 of 8
Answer Stats
Postcode Area Postcode Area Name % Correct
B Birmingham
88%
L Liverpool
87%
M Manchester
87%
G Glasgow
83%
S Sheffield
73%
E East London
61%
N North London
58%
W West London
58%
No matching quizzes found
Score Distribution
Percent of People with Each Score
Percentile by Number Answered
Your Score History
You have not taken this quiz